00791nam a2200193 a 450000100100000000500170001000800410002704000250006808200160009310000320010924501200014126000550026130000300031670000340034671000770038004900090045795201140046699900170058000002860220200930055031.0110411s2003 dr c 000 0 spa d aDO-SdBNPbspacBNPHU axxxxbS237e1 aSantos, Bielinski M.95555610aExperiencias locales en la producción de semilla básica de papa. /cBielinski M. Santos, Persio R. Rodríguez. aConstanza, República Dominicana :bIDIAF,c2003. a10 p. :bretrs. ;c21 cm.1 aRodríguez, Persio R.9555571 aInstituto dominicano de investigaciones agropecuarias y forestales.9299 aBNPD 0010718PDaPDbPDcCTd2011-04-11iLF1l0oxxxx S237ep28602-10r2020-06-25w2020-06-25yLFPDZNo se presta c28094d28094